Music Quiz

Random Music Quiz

The Great POP MUSIC DIVAS CHALLENGE Quiz Stats

Quiz not verified by Sporcle

Challenge
Share
Tweet
Embed
Score 0/25 Timer 05:00
0 Plays Today
Question Answer Wrong Answers
Madonna's surname is: ???
100%
???
0%
???
0%
???
0%
Amy Winehouse was born in the year: ???
60.8%
???
9.7%
???
14.6%
???
14.8%
The Labelle hit ''Lady Marmalade'' includes a chorus in: ???
56.6%
???
2.1%
???
0.7%
???
1.4%
Celine Dion was born in: ???
50.3%
???
3.9%
???
0.7%
???
1.6%
Diana Ross released a duet album with: ???
38.1%
???
8.4%
???
3%
???
0.9%
Many of Janet Jackson's hits were written & produced by: ???
29.7%
???
1.6%
???
3%
???
3.7%
The Britney Spears single ''Don't Let Me Be The Last To Know'' was co-written by: ???
27.1%
???
1.6%
???
0.2%
???
0.7%
In the film 'The Blues Brothers', Aretha Franklin sings her hit song: ???
21.6%
???
2.1%
???
1.6%
???
1.9%
Celine Dion married her manager: ???
19.7%
???
0.5%
???
0.7%
???
0.7%
Which of the following was not a US #1 single for Mariah Carey?: ???
15.8%
???
1.4%
???
1.4%
???
1.2%
Cher's original surname was: ???
13%
???
1.2%
???
0.5%
???
1.2%
Beyoncé did not appear in which of the following films?: ???
12.5%
???
0%
???
0%
???
0.5%
While at a urinal, Nile Rodgers spotted drag queens and was inspired to write the Diana Ross song: ???
12.3%
???
0.2%
???
0%
???
0%
Aretha Franklin's sister, also a singer, was named: ???
11.4%
???
0.7%
???
0%
???
0.2%
Bette Midler was born with the name: ???
9%
???
0.7%
???
0.9%
???
0.7%
In the film 'Cadillac Records', Beyoncé portrayed R&B veteran singer: ???
8.8%
???
0%
???
0%
???
0.2%
At the Eurovision Song Contest, Celine Dion won representing: ???
7%
???
0.5%
???
1.2%
???
0.2%
LaDonna Gaines is better known as: ???
7%
???
0%
???
0%
???
0%
In the original Mad Max films, the character Aunty Entity was portrayed by: ???
7%
???
0%
???
0%
???
0%
Which rock star has been romantically linked with both Cher and Diana Ross?: ???
6.3%
???
0.2%
???
0%
???
0.2%
Which of the following songs was not a remake by Donna Summer?: ???
4.6%
???
0.5%
???
0.7%
???
0.5%
Which of the following was not a film co-star for Barbra Streisand?: ???
3%
???
0.7%
???
0.5%
???
0.5%
Which of the following was not a remake recorded by Whitney Houston?: ???
2.6%
???
0.2%
???
0%
???
0.2%
Barbra Streisand has been married twice. Both of her husbands were cast in the same 1977 film entitled: ???
1.6%
???
0%
???
0.2%
???
0.7%
Before her 1980s revival, Tina Turner recorded a cover of The Temptations single ''Ball Of Confusion'' for the project: ???
1.2%
???
0.2%
???
0.2%
???
0%

You're not logged in!

Compare scores with friends on all Sporcle quizzes.
Sign Up with Email
OR
Log In

You Might Also Like...

Show Comments

Extras

Top Quizzes Today


Score Distribution

Your Account Isn't Verified!

In order to create a playlist on Sporcle, you need to verify the email address you used during registration. Go to your Sporcle Settings to finish the process.